Statistiques concernant Pays les moins touristiques

Cliquez ici pour prendre le quiz!

Statistiques générales

  • Ce quiz a été pris 102 fois
  • Le résultat moyen est 4 sur 10

Statistiques - réponses

Nombre de touristes Pays % Correct
156Nauru
67%
1200Tuvalu
61%
5900Kiribati
56%
400Somalie
44%
4600Iles Marshall
43%
5500Soudan du sud
39%
8697Turkménistan
19%
6250LIbye
16%
7500Guinée-Bissau
14%
5700Guinée équatoriale
12%

Distribution des résultats

Percentile by Number Answered

% des personnes avec chaque résultat

Votre développement - résultats

Vous n’avez pas pris ce quiz